000 03562cas a2200817 4500
999 _c530086
_d530086
001 11138611
003 NUST
005 20191009120645.0
008 751101d19272006dcumr a 0 a0eng
010 _a 29023479
016 _a(AMICUS)000000784964
016 7 _a0207512
_2DNLM
016 7 _aP54540000
_2DNLM
016 7 _aAA00345198
_2JP-ToKJK
016 7 _a008545216
_2Uk
022 _a0033-2887
_l0033-2887
_21
030 _aPYCAA5
032 _a448740
_bUSPS
035 _a(OCoLC)ocm01763052
037 _bAmerican Psychological Association, 1200 Seventeenth St., N.W., Washington, DC 20036
038 _awaseem
040 _aDLC
_beng
_cMUL
_dNSD
_dDLC
_dNSD
_dDLC
_dOCL
_dNST
_dOCL
_dRCS
_dNST
_dAIP
_dNSD
_dNST
_dWAU
_dNST
_dMYG
_dNST
_dDLC
_dNSD
_dIUL
_dMXC
_dNSD
_dSYS
_dDLC
_dNLM
_dOCLCQ
_dZYU
_dNLGGC
_dLVB
_dNYG
_dCUS
_dOCLCQ
_dUKMGB
_dTULIB
_dOCLCF
_dOCLCO
_dP4I
_dOCL
_dEUW
_dOCLCO
_dOCLCA
_dOCLCQ
_dOCLCO
_dFC@
_dOCLCO
_dOCLCQ
_dSAV
_dNLC
_dOCLCO
_dOCLCA
_dOCLCQ
_dCPO
_dOCLCQ
_dAU@
_dOCLCQ
_dDCHUA
_dOCL
_dOCLCQ
042 _ansdp
_apcc
050 0 0 _aBF1
_b.P65
060 0 0 _aZ 7203
_bP974
082 0 4 _a150.5
_bPSY
210 0 _aPsychol. abstr.
210 1 0 _aPsychol Abstr
222 0 _aPsychological abstracts
245 0 0 _aPsychological abstracts.
246 3 _aPA
260 _a[Washington, etc.]
_b[American Psychological Association]
300 _avolumes
_c26 cm
310 _aMonthly,
_b<June 2001->
321 _aAnnual,
_b1927-
336 _atext
_btxt
_2rdacontent
337 _aunmediated
_bn
_2rdamedia
338 _avolume
_bnc
_2rdacarrier
362 0 _av. 1- Jan. 1927-
362 1 _aCeased with v. 93, no. 12 (Dec. 2006).
500 _aEditor: Jan. 1927- W.S. Hunter.
530 _aAvailable online as: PsycINFO.
530 _aAlso issued <1974-1992> on CD-ROM as: PsycLit database; <1996-> PsycLIT (National Information Services Corporation).
555 _aAuthor index: 1927-58. 5 v. (includes index to Psychological index, 1894-1935); 1959-63. 1 v.; 1964-68. 2 v.; 1969-71. 1 v.; 1972-74. 1 v.); 1975-77. 1 v.; Subject index: 1927-60. 2 v.; 1961-65. 1 v.; 1966-68. 2 v.; 1969-71. 2 v.; 1972-74. 2 v.; 1975-77. 2 v.
590 _aSERBIB/SERLOC merged record
650 0 _aPsychology
_vAbstracts
_vPeriodicals.
_923387
650 6 _aPsychologie
_vRésumés analytiques
_vPériodiques.
_923388
650 6 _aPsychologie
_vIndex.
_923389
650 7 _aPsychology.
_2fast
_0(OCoLC)fst01081447
_93344
650 1 7 _aPsychologie.
_2gtt
_923390
650 2 _aPsychology.
_93344
655 7 _aAbstracts.
_2fast
_0(OCoLC)fst01423683
_923391
655 7 _aPeriodicals.
_2fast
_0(OCoLC)fst01411641
_923392
655 7 _aAbstracts.
_2lcgft
_923391
655 7 _aPeriodicals.
_2rbgenr
_923392
655 2 _aAbstracts.
_923391
700 1 _aHunter, Walter Samuel,
_d1889-1954,
_eeditor.
_923393
710 2 _aAmerican Psychological Association.
_93177
730 0 _aPsycINFO (Online)
_923394
776 1 _tPsycINFO (Online)
_w(OCoLC)47653332
776 1 _tPsycLit database
_x1075-3060
_w(DLC) 94641328
_w(OCoLC)19613770
776 1 _tPsycLIT (National Information Services Corporation)
_x1093-3360
_w(DLC)sn 97003781
776 0 8 _iOnline version:
_tPsychological abstracts
_w(OCoLC)567973707
776 0 8 _iOnline version:
_tPsychological abstracts
_w(OCoLC)606252972
906 _a7
_bcbc
_cserials
_d3
_encip
_f19
_gn-oclcserc
942 _2ddc
_cBK